Alfabetización temprana / (Record no. 1514)

MARC details
000 -CABECERA
campo de control de longitud fija 00723nam a2200241 a 4500
005 - FECHA Y HORA DE LA ÚLTIMA TRANSACCIÓN
campo de control 20240625063631.0
008 - ELEMENTOS DE LONGITUD FIJA--INFORMACIÓN GENERAL
campo de control de longitud fija 991125s1999 es 000 0 spa u
020 ## - NÚMERO INTERNACIONAL NORMALIZADO PARA LIBROS
Número Internacional Estándar del Libro 8471124246
035 ## - NÚMERO DE CONTROL DEL SISTEMA
Número de control de sistema UPN01000001514
049 ## - COLECCIÓN
Colección CG
050 #4 - SIGNATURA TOPOGRÁFICA DE LA BIBLIOTECA DEL CONGRESO
Número de clasificación LB1139 L3
Número de documento/Ítem M4.2
100 1# - ASIENTO PRINCIPAL--NOMBRE PERSONAL
Nombre de persona McLane, Joan Brooks
245 10 - MENCIÓN DE TÍTULO
Título Alfabetización temprana /
Mención de responsabilidad, etc. Joan Brooks McLane, Gillian Dowley McNamee.
260 ## - PUBLICACIÓN, DISTRIBUCIÓN, ETC.
Lugar de publicación, distribución, etc. Madrid :
Nombre del editor, distribuidor, etc. Morata,
Fecha de publicación, distribución, etc. c1999.
300 ## - DESCRIPCIÓN FÍSICA
Extensión 175 p. :
Otras características físicas il.
440 #3 - MENCIÓN DE SERIE/ASIENTO SECUNDARIO--TÍTULO
Título El desarrollo del niño ;
Designación de volumen o secuencia 23
440 #0 - MENCIÓN DE SERIE/ASIENTO SECUNDARIO--TÍTULO
Título Bruner
534 ## - NOTA SOBRE LA VERSIÓN ORIGINAL
Frase introductoria Traducción de:
Mención de título del original Early literacy
650 #4 - ASIENTO SECUNDARIO DE MATERIA - TERMINO TEMATICO
Término de materia o nombre geográfico como elemento de entrada Adquisición del lenguaje
9 (RLIN) 220
650 #4 - ASIENTO SECUNDARIO DE MATERIA - TERMINO TEMATICO
Término de materia o nombre geográfico como elemento de entrada Niños
Subdivisión general Lenguaje
9 (RLIN) 5709
700 1# - ASIENTO SECUNDARIO--NOMBRE DE PERSONAL
Nombre de persona McNamee, Gillian Dowley,
Fechas asociadas al nombre 1951- ,
Término indicativo de función/relación coaut.
905 ## - TIPO DE MATERIAL
Tipo de material Libro
Holdings
Estado de retiro Estado de pérdida Fuente del sistema de clasificación o colocación Estado dañado No para préstamo Código de colección Localización permanente Ubicación/localización actual Ubicación en estantería Total de préstamos Clasificación Código de barras Fecha visto por última vez Número de copia Tipo de ítem Koha Fecha de adquisición Fecha del último préstamo
    Library of Congress Classification     Colección General Bib. Gregorio Torres Quintero Bib. Gregorio Torres Quintero Planta baja 11 LB1139 L3 M4.2 168171 31/12/2020 1 Libro    
    Library of Congress Classification     Colección General Bib. Gregorio Torres Quintero Bib. Gregorio Torres Quintero Planta baja 17 LB1139 L3 M4.2 168172 31/12/2020 1 Libro    
    Library of Congress Classification     Colección General Bib. Gregorio Torres Quintero Bib. Gregorio Torres Quintero Planta baja 14 LB1139 L3 M4.2 190385 01/02/2023 1 Libro 20/01/2023 20/01/2023
    Library of Congress Classification     Colección General Bib. Gregorio Torres Quintero Bib. Gregorio Torres Quintero Planta baja 18 LB1139 L3 M4.2 202505 31/12/2020 1 Libro